Pakistan's Cyber Space Security: Critical Analysis and Countermeasures (Record no. 217738)
[ view plain ]
| 000 -LEADER | |
|---|---|
| fixed length control field | 00420 a2200157 4500 |
| 003 - CONTROL NUMBER IDENTIFIER | |
| control field | Nust |
| 005 - DATE AND TIME OF LATEST TRANSACTION | |
| control field | 20170207171612.0 |
| 040 ## - CATALOGING SOURCE | |
| Transcribing agency | Nust |
| 082 ## - DEWEY DECIMAL CLASSIFICATION NUMBER | |
| Classification number | 005.8 |
| 100 ## - MAIN ENTRY--PERSONAL NAME | |
| Personal name | Shafqat, Narmeen (MSIS-12) |
| 245 ## - TITLE STATEMENT | |
| Title | Pakistan's Cyber Space Security: Critical Analysis and Countermeasures |
| Statement of responsibility, etc. | Narmeen Shafqat |
| 260 ## - PUBLICATION, DISTRIBUTION, ETC. | |
| Place of publication, distribution, etc. | Rawalpindi |
| Name of publisher, distributor, etc. | MCS,NUST |
| Date of publication, distribution, etc. | January-2016 |
| 300 ## - PHYSICAL DESCRIPTION | |
| Extent | xiii, 214 p |
| 650 ## - SUBJECT ADDED ENTRY--TOPICAL TERM | |
| Topical term or geographic name entry element | PG Thesis MSIS |
| 651 ## - SUBJECT ADDED ENTRY--GEOGRAPHIC NAME | |
| Geographic name | MSIS-12 |
| 942 ## - ADDED ENTRY ELEMENTS (KOHA) | |
| Koha item type | |
| Withdrawn status | Lost status | Source of classification or shelving scheme | Damaged status | Not for loan | Collection code | Permanent Location | Current Location | Date acquired | Total Checkouts | Full call number | Barcode | Date last seen | Price effective from | Koha item type |
|---|---|---|---|---|---|---|---|---|---|---|---|---|---|---|
| Central Library (CL) | Central Library (CL) | 11/12/2020 | 004 | CL-T-1043 | 11/12/2020 | 11/12/2020 | ||||||||
| Military College of Signals (MCS) | Military College of Signals (MCS) | 12/12/2016 | 005.8 SHA | MCSTIS-203 | 12/08/2016 | 12/12/2016 | Book |
